00640 2200181 4500001002100000005001500021035002000036007000300056008003900059082001200098084001800110100003000128245016000158260007100318300004500389650001100434022001300445INLIS00000000000064320240801025507 a0010-0824000008ta240801 | | |  a630.205 a630.205 DA p0 aDario De la Cruz-Ricardez1 aPhytochemical profile of Capsicum spp. fruits related to ripeness level, shading and harvest season in the Southeast of Mexico /cDario De la Cruz-Ricardez aChile, Chillán :bChilean Journal of Agricultural Research,c2024 a211-224 hlm, :bilus, ;c21 cm X 29,5 cm 4aJurnal a07185820